Восприятие неравенства и спрос на политику выравнивания в Российской Федерации. Макрорегиональный аспект; Региональное развитие: экономика и социум. Специальная тема: Национальные проекты

Detalles Bibliográficos
Parent link:Региональное развитие: экономика и социум. Специальная тема: Национальные проекты.— 2020.— С. 80-81
Autor Principal: Фролова Е. А. Елена Александровна
Autor Corporativo: Национальный исследовательский Томский политехнический университет Школа базовой инженерной подготовки Отделение социально-гуманитарных наук
Outros autores: Клемашева Е. И. Елена Игоревна, Маланина В. А. Вероника Анатольевна
Summary:Заглавие с экрана
Режим доступа: по договору с организацией-держателем ресурса
Idioma:ruso
Publicado: 2020
Subjects:
Acceso en liña:https://www.elibrary.ru/item.asp?id=45555679
Formato: Electrónico Capítulo de libro
KOHA link:https://koha.lib.tpu.ru/cgi-bin/koha/opac-detail.pl?biblionumber=666787

MARC

LEADER 00000naa0a2200000 4500
001 666787
005 20250326144112.0
035 |a (RuTPU)RU\TPU\network\37991 
035 |a RU\TPU\network\37986 
090 |a 666787 
100 |a 20220126d2020 k y0rusy50 ca 
101 0 |a rus 
102 |a RU 
135 |a drgn ---uucaa 
181 0 |a i  
182 0 |a b 
200 1 |a Восприятие неравенства и спрос на политику выравнивания в Российской Федерации. Макрорегиональный аспект  |f Е. А. Фролова, Е. И. Клемашева, В. А. Маланина 
203 |a Текст  |c электронный 
300 |a Заглавие с экрана 
333 |a Режим доступа: по договору с организацией-держателем ресурса 
338 |b Российский научный фонд  |d 19-18-00282 
463 1 |t Региональное развитие: экономика и социум. Специальная тема: Национальные проекты  |o материалы II Всероссийской научно-практической конференции Кемеровский государственный университет, 2020 г.  |f Кемеровский государственный университет ; под ред. С. Н. Левина, отв. ред. К. С. Саблина  |v С. 80-81  |d 2020 
610 1 |a электронный ресурс 
610 1 |a труды учёных ТПУ 
610 1 |a неравенства 
610 1 |a спрос 
610 1 |a Российская Федерация 
610 1 |a макрорегионы 
700 1 |a Фролова  |b Е. А.  |c экономист  |c доцент Томского политехнического университета, доктор наук  |f 1978-  |g Елена Александровна  |3 (RuTPU)RU\TPU\pers\31075 
701 1 |a Клемашева  |b Е. И.  |c экономист  |c доцент Томского политехнического университета, кандидат экономических наук  |f 1988-  |g Елена Игоревна  |3 (RuTPU)RU\TPU\pers\35827  |9 18972 
701 1 |a Маланина  |b В. А.  |c экономист  |c доцент Томского политехнического университета, кандидат экономических наук  |f 1977-  |g Вероника Анатольевна  |3 (RuTPU)RU\TPU\pers\34895  |9 18213 
712 0 2 |a Национальный исследовательский Томский политехнический университет  |b Школа базовой инженерной подготовки  |b Отделение социально-гуманитарных наук  |3 (RuTPU)RU\TPU\col\23512 
801 2 |a RU  |b 63413507  |c 20220126  |g RCR 
856 4 |u https://www.elibrary.ru/item.asp?id=45555679 
942 |c CF